[Event "ch-CHN w 2017"]
[Site "Xinghua CHN"]
[Date "2017.05.03"]
[Round "10.2"]
[White "Zhu,Ying"]
[Black "Zhai Mo"]
[Result "0-1"]
[WhiteElo "2107"]
[BlackElo "2303"]

1.d4 Nf6 2.Nf3 e6 3.Bf4 b6 4.e3 Bb7 5.h3 Be7 6.Bd3 d5 7.O-O O-O 8.Nbd2 c5 9.c4
Nc6 10.dxc5 Bxc5 11.Nb3 Be7 12.Rc1 Nb4 13.c5 Rc8 14.cxb6 Qxb6 15.Bb1 Ba6
16.Re1 Ne4 17.Qd4 Bd3 18.a3 Bxb1 19.Rxc8 Rxc8 20.Rxb1 Qxd4 21.Nbxd4 Nd3 22.Bg3
Nxg3 23.fxg3 e5 24.Nb5 Rc2 25.Nc3 d4 26.exd4 exd4 27.Nd5 Bd6 28.Kh2 Rxb2
29.Rxb2 Nxb2 30.Nxd4 Bxa3 31.Nb5 Bc5 32.g4 a5 33.Nbc3 a4 34.Kg3 a3 35.Kf3 Nd3
36.Na2 Ne1+ 37.Ke2 Nxg2 38.Kd3 f6 39.Kc4 Bd6 40.Kb3 Kf7 41.Nab4 Ke6 42.Kxa3
Bxb4+ 43.Nxb4 Nf4 44.h4 Ng2 45.Nd3 Nxh4 46.Kb4 Nf3 47.Kc3 Nh2 {#R} 0-1

[Event "ch-CHN w 2017"]
[Site "Xinghua CHN"]
[Date "2017.05.03"]
[Round "10.3"]
[White "Ren,Xiaoyi"]
[Black "Lei Tingjie"]
[Result "0-1"]
[WhiteElo "2262"]
[BlackElo "2471"]

1.d4 Nf6 2.c4 c5 3.e3 g6 4.Nf3 Bg7 5.Be2 cxd4 6.exd4 d5 7.O-O O-O 8.h3 Nc6
9.Nc3 dxc4 10.Bxc4 b6 11.Be3 Bb7 12.Qe2 e6 13.Ba6 Qc8 14.Bxb7 Qxb7 15.Rfd1 Ne7
16.Bf4 Rfd8 17.Rac1 Ned5 18.Nxd5 Nxd5 19.Be5 Bh6 20.Rc2 Rac8 21.Rxc8 Rxc8
22.Qe4 Qe7 23.Re1 Qb4 24.Qh4 Bf8 25.Re4 Rc1+ 26.Kh2 Qe7 27.Qxe7 Bxe7 28.Re2 a5
29.Ne1 f6 30.Bg3 Kf7 31.Nc2 Rd1 32.a4 h5 33.Bb8 Rd3 34.Kg1 Rd1+ 35.Kh2 Bd8
36.g3 Ke7 37.Kg2 Kd7 38.Kf3 Rd3+ 39.Ke4 Rb3 40.Ne3 Ne7 41.g4 Nc6 42.gxh5 gxh5
43.Bg3 f5+ 44.Kf4 Nxd4 45.Rd2 Bf6 46.Nc4 Rf3# 0-1

[Event "ch-CHN w 2017"]
[Site "Xinghua CHN"]
[Date "2017.05.03"]
[Round "10.4"]
[White "Xiao,Yiyi"]
[Black "Yuan,Ye"]
[Result "1-0"]
[WhiteElo "2290"]
[BlackElo "2306"]

1.d4 d5 2.c4 e6 3.Nf3 c6 4.e3 Nf6 5.Nc3 Nbd7 6.Qc2 Bd6 7.Be2 O-O 8.O-O dxc4
9.Bxc4 b5 10.Be2 Bb7 11.e4 e5 12.dxe5 Nxe5 13.Nh4 g6 14.Bg5 h6 15.Bf4 Nh5
16.Bg3 Nxg3 17.hxg3 Qe7 18.f4 Bc5+ 19.Kh2 Nc4 20.Bxc4 bxc4 21.e5 Qe6 22.Rae1
Be7 23.f5 gxf5 24.Nxf5 c5 25.Nxe7+ Qxe7 26.Rf6 Rfd8 27.Qf5 Rd2 28.Ne4 Rd5
29.Rxh6 {#r} 1-0

[Event "ch-CHN w 2017"]
[Site "Xinghua CHN"]
[Date "2017.05.03"]
[Round "10.5"]
[White "Tan Zhongyi"]
[Black "Gu,T"]
[Result "1-0"]
[WhiteElo "2508"]
[BlackElo "2212"]

1.c4 e5 2.g3 d6 3.Bg2 g6 4.Nc3 Bg7 5.e3 Nf6 6.Nge2 O-O 7.O-O c6 8.d4 exd4
9.exd4 Bf5 10.h3 h5 11.Be3 Re8 12.Qd2 Kh7 13.Rae1 Qd7 14.Kh2 Na6 15.a3 d5
16.cxd5 cxd5 17.f3 Nc7 18.Nf4 Ne6 19.g4 Nxf4 20.Bxf4 Rxe1 21.Rxe1 hxg4 22.hxg4
Be6 23.Be5 Rh8 24.Ne2 Ne8 25.Nf4 Bxe5 26.dxe5 Kg7+ 27.Kg1 Nc7 28.Qb4 b6 29.Ne2
Rd8 30.Rd1 Qb5 31.Qxb5 Nxb5 32.a4 Nc7 33.Nd4 Na6 34.Bf1 Nc5 35.b4 Nd7 36.Rc1
Nxe5 37.Re1 Nxf3+ 38.Nxf3 Bxg4 39.Ne5 Bf5 40.Nc6 Rd7 41.Kf2 Bc2 42.Nd4 Bxa4
43.b5 a6 44.bxa6 Ra7 45.Ra1 Bd7 46.Nb5 Bxb5 47.Bxb5 Kf6 48.Bc6 {#r} 1-0

[Event "ch-CHN w 2017"]
[Site "Xinghua CHN"]
[Date "2017.05.03"]
[Round "10.6"]
[White "Zhang,Lanlin"]
[Black "Guo Qi"]
[Result "0-1"]
[WhiteElo "2080"]
[BlackElo "2413"]

1.e4 e5 2.Nf3 Nc6 3.Bc4 Bc5 4.O-O Nf6 5.d3 O-O 6.Bg5 h6 7.Bh4 g5 8.Bg3 d6 9.c3
a6 10.d4 Ba7 11.Qd3 Nh5 12.Kh1 Qf6 13.d5 Ne7 14.Qd2 Ng6 15.Be2 Ngf4 16.Bxf4
Nxf4 17.Ng1 Qg6 18.Bd3 f5 19.Bc2 fxe4 20.Na3 b5 21.f3 e3 22.Bxg6 exd2 23.Be4
Bb7 24.c4 Bd4 25.Rab1 bxc4 26.Nxc4 Bxd5 27.Bxd5+ Nxd5 28.Nxd2 Nb4 29.a3 Nd3
30.h3 Bxb2 31.Nc4 Bd4 32.Rb7 d5 33.Nd2 Bb6 34.Nb3 a5 35.a4 e4 36.Ne2 Nf2+ {#R}
0-1

[Event "ch-CZE 2017"]
[Site "Ostrava CZE"]
[Date "2017.05.03"]
[Round "5.2"]
[White "Navara,D"]
[Black "Nguyen,Thai Dai Van"]
[Result "1-0"]
[WhiteElo "2732"]
[BlackElo "2441"]

1.d4 Nf6 2.c4 e6 3.Nc3 Bb4 4.e3 O-O 5.Bd3 d5 6.Nf3 b6 7.O-O Bb7 8.cxd5 exd5
9.a3 Bd6 10.b4 a6 11.Ne5 c5 12.bxc5 bxc5 13.Rb1 Qc7 14.f4 Nc6 15.Ng4 Nxg4
16.Nxd5 Qd7 17.Nb6 Qe7 18.Qxg4 Rab8 19.d5 Na5 20.Nd7 Bc8 21.Rxb8 Bxb8 22.Qf5
g6 23.Qf6 Qxf6 24.Nxf6+ Kg7 25.Bb2 c4 26.Be2 Ba7 27.Nd7+ Kg8 28.Nxf8 Bxe3+
29.Kh1 Bd2 30.Rd1 c3 31.Bxc3 {#r} 1-0

[Event "ch-CZE 2017"]
[Site "Ostrava CZE"]
[Date "2017.05.03"]
[Round "5.3"]
[White "Biolek,R1"]
[Black "Kislinsky,A"]
[Result "0-1"]
[WhiteElo "2445"]
[BlackElo "2481"]

1.e4 c5 2.Nf3 Nc6 3.d4 cxd4 4.Nxd4 g6 5.Nc3 Bg7 6.Be3 Nf6 7.Bc4 O-O 8.f3 Qb6
9.e5 Nxe5 10.Bb3 Qa5 11.O-O d6 12.Kh1 Bd7 13.f4 Neg4 14.Bg1 Qh5 15.Qd3 a6
16.Rae1 e6 17.Nf3 Rad8 18.Bb6 Bc6 19.h3 Rc8 20.Qxd6 Nh6 21.Qd3 Nd7 22.Bd4 Nf5
23.Bxg7 Nc5 24.Qxf5 gxf5 25.Bxf8 Kxf8 26.Re3 b5 27.Ne5 Bb7 28.Rd1 a5 29.a3 b4
30.axb4 axb4 31.Ne2 Ba6 32.Bc4 Bxc4 33.Nxc4 Ne4 34.Rd4 Qh4 35.b3 Qf2 36.Rdd3
h5 37.Nd4 Qf1+ 38.Kh2 Qxf4+ 39.Kg1 Qf2+ 40.Kh2 Qf4+ 41.Kg1 Nc5 42.Rd1 Rd8
43.Rf3 Qe4 44.Re3 Rxd4 {#R} 0-1

[Event "ch-CZE 2017"]
[Site "Ostrava CZE"]
[Date "2017.05.03"]
[Round "5.7"]
[White "Cvek,R"]
[Black "Roubalik,J"]
[Result "1-0"]
[WhiteElo "2518"]
[BlackElo "2397"]

1.d4 Nf6 2.Nf3 e6 3.Bf4 d6 4.c4 Be7 5.Nc3 O-O 6.h3 b6 7.e4 Bb7 8.Bd3 c5 9.d5
e5 10.Be3 Ne8 11.g4 a6 12.Qe2 Nd7 13.a4 Nc7 14.b3 Re8 15.a5 Rb8 16.axb6 Na8
17.O-O Bc8 18.Rfb1 Rxb6 19.Na4 Rb8 20.Qd2 Nf8 21.Kh2 Ng6 22.b4 Rxb4 23.Rxb4
cxb4 24.Qxb4 Nf4 25.Bxf4 exf4 26.Qb8 Bf6 27.Ra2 Qe7 28.Qb1 h5 29.gxh5 Bd7
30.Qb7 g5 31.c5 dxc5 32.Nxc5 Bxh3 33.Qxe7 Bxe7 34.Kxh3 Bxc5 35.Nxg5 Nb6 36.Kg4
Nd7 37.Kxf4 Bd6+ 38.Ke3 Nf6 39.Rxa6 Bc5+ 40.Kf3 Nxh5 41.Kg4 Ng7 42.f4 Rd8
43.Bc4 Ne8 44.e5 {#r} 1-0

[Event "ch-CZE 2017"]
[Site "Ostrava CZE"]
[Date "2017.05.03"]
[Round "5.8"]
[White "Vavra,P1"]
[Black "Malinovsky,K"]
[Result "0-1"]
[WhiteElo "2390"]
[BlackElo "2479"]

1.e4 e5 2.Nf3 Nc6 3.Bc4 Nf6 4.Ng5 d5 5.exd5 Na5 6.Bb5+ c6 7.dxc6 bxc6 8.Bd3
Nd5 9.Nf3 Bd6 10.O-O O-O 11.Re1 Bg4 12.h3 Bxf3 13.Qxf3 f5 14.Bxf5 Qe7 15.Qg4
Qf6 16.Be6+ Kh8 17.Rf1 Nf4 18.Bd7 Rad8 19.d3 h5 20.Qf3 Qg6 21.Bd2 Rxd7 22.Bxa5
e4 23.dxe4 Ne6 24.Qc3 Bc5 25.Nd2 Rxd2 26.Qxd2 Nf4 27.g4 Qxe4 {#R} 0-1

[Event "ch-CZE 2017"]
[Site "Ostrava CZE"]
[Date "2017.05.03"]
[Round "5.10"]
[White "Vanek,T"]
[Black "Cernousek,L"]
[Result "0-1"]
[WhiteElo "2134"]
[BlackElo "2462"]

1.b3 Nf6 2.Bb2 g6 3.e4 d6 4.g3 Bg7 5.Bg2 c5 6.Ne2 Nc6 7.O-O O-O 8.f4 e5 9.Nbc3
Nd4 10.Nxd4 exd4 11.e5 dxe5 12.Na4 Nd7 13.fxe5 Bxe5 14.Qe2 Qc7 15.Rae1 Rb8
16.Bd5 b5 17.Nc3 Qd6 18.Rxf7 Rxf7 19.Bxf7+ Kxf7 20.Ne4 Qd5 21.Qf3+ Kg7 22.d3
Bb7 23.Bc1 Rf8 24.Qg4 Nf6 25.Qg5 Nxe4 26.Rxe4 Bf6 27.Qf4 Kg8 28.Qg4 Qf5 29.Qe2
Bxe4 30.dxe4 d3 31.Qxd3 Bd4+ 32.Kg2 Qf2+ {#R} 0-1

[Event "ch-CZE 2017"]
[Site "Ostrava CZE"]
[Date "2017.05.03"]
[Round "5.12"]
[White "Vykouk,Jan"]
[Black "Obsivac,J"]
[Result "1-0"]
[WhiteElo "2424"]
[BlackElo "2361"]

1.e4 e6 2.d4 d5 3.Nc3 Nf6 4.e5 Nfd7 5.f4 c5 6.Nf3 Nc6 7.Be3 a6 8.Qd2 b5 9.dxc5
Bxc5 10.Bd3 Bxe3 11.Qxe3 Qb6 12.Qxb6 Nxb6 13.Ne2 Bd7 14.Ned4 Nxd4 15.Nxd4 Ke7
16.b3 f6 17.Kd2 fxe5 18.fxe5 Be8 19.Rhf1 Bg6 20.Rf2 Bxd3 21.cxd3 Rhf8 22.Raf1
Rxf2+ 23.Rxf2 Rc8 24.Rf4 Nd7 25.Nf3 a5 26.Rg4 Kf7 27.Ng5+ Kg6 28.d4 h6 29.Ne4+
Kf5 30.Nd6+ Kxg4 31.Nxc8 Nb8 32.Nd6 b4 33.Ne8 Nc6 34.Nxg7 Nxd4 35.Kd3 Nc6
36.Nxe6 Nxe5+ 37.Kd4 Kf5 38.Nc7 Ng4 39.h3 Nf2 40.Nxd5 h5 41.Ke3 Ne4 42.Ne7+
Ke5 43.Nc6+ Kd5 44.Nxa5 Nc3 45.Kf4 Nxa2 46.Kg5 Nc1 47.Kxh5 Nxb3 48.Nxb3 Kc4
49.Nc1 Kc3 50.Na2+ {#r} 1-0

[Event "ch-CZE 2017"]
[Site "Ostrava CZE"]
[Date "2017.05.03"]
[Round "5.14"]
[White "Malik,J"]
[Black "Babula,V"]
[Result "0-1"]
[WhiteElo "2290"]
[BlackElo "2559"]

1.e4 c5 2.Nf3 d6 3.d4 cxd4 4.Nxd4 Nf6 5.Nc3 a6 6.Bc4 e6 7.Bb3 Nbd7 8.Bg5 Nc5
9.Qe2 Be7 10.O-O-O Qc7 11.f4 O-O 12.h4 Re8 13.g4 b5 14.Bxf6 Bxf6 15.g5 Bxd4
16.Rxd4 Rb8 17.Rhd1 Bd7 18.g6 fxg6 19.Rxd6 b4 20.Qg4 bxc3 21.Rxd7 Nxd7
22.Bxe6+ Kh8 {#R} 0-1

[Event "ch-CZE 2017"]
[Site "Ostrava CZE"]
[Date "2017.05.03"]
[Round "5.15"]
[White "Kraus,To"]
[Black "Belunek,V"]
[Result "1-0"]
[WhiteElo "2418"]
[BlackElo "2248"]

1.e4 c5 2.Nf3 d6 3.d4 cxd4 4.Nxd4 Nf6 5.f3 Nc6 6.c4 Nxd4 7.Qxd4 g6 8.Nc3 Bg7
9.Be3 O-O 10.Qd2 Be6 11.Rc1 Nd7 12.Be2 a6 13.O-O Rc8 14.b3 Kh8 15.f4 f5 16.Bf3
Nc5 17.exf5 Bxf5 18.g4 Bd7 19.b4 Ne6 20.Nd5 Bc6 21.Bg2 Qe8 22.Bb6 Nd8 23.Rce1
e5 24.f5 gxf5 25.gxf5 Nf7 26.Kh1 Rg8 27.Qb2 Bh6 28.Re2 Rg4 29.Re4 Bxd5 30.Rxg4
Bxc4 31.Rg1 Qb5 {#r} 1-0

[Event "ch-CZE 2017"]
[Site "Ostrava CZE"]
[Date "2017.05.03"]
[Round "5.17"]
[White "Vlasak,Lu"]
[Black "Sobek,J"]
[Result "0-1"]
[WhiteElo "2375"]
[BlackElo "2202"]

1.e4 c5 2.Be2 d6 3.f4 Nc6 4.Nf3 Nf6 5.d3 e6 6.O-O Be7 7.c3 O-O 8.Na3 b6 9.Qe1
Ba6 10.Bd2 Re8 11.Rd1 Rb8 12.Kh1 Bf8 13.Nc2 c4 14.dxc4 Nxe4 15.Bd3 f5 16.Be3
Bb7 17.Bxe4 fxe4 18.Ng5 Qf6 19.Nd4 Nxd4 20.Rxd4 Qf5 21.Qe2 h6 22.Nh3 Rbc8
23.g4 Qf7 24.b3 d5 25.g5 Qf5 26.Ng1 Bc5 27.Rdd1 Rf8 28.gxh6 gxh6 29.Qf2 Kh7
30.Ne2 Qh3 31.Ng3 Rf7 32.cxd5 exd5 33.f5 Bd6 34.Rg1 Rxc3 35.f6 Be5 36.Nf5 Rxf6
37.Rg7+ Kh8 38.Rxb7 Rxf5 39.Rxd5 Rc8 40.Qg2 Rc1+ {#R} 0-1

[Event "ch-CZE 2017"]
[Site "Ostrava CZE"]
[Date "2017.05.03"]
[Round "5.18"]
[White "Caletka,R"]
[Black "Kolar,St"]
[Result "1-0"]
[WhiteElo "2349"]
[BlackElo "2094"]

1.c4 e5 2.Nc3 Nf6 3.Nf3 Nc6 4.e3 Bb4 5.Qc2 O-O 6.Nd5 d6 7.a3 Bc5 8.b4 Bb6
9.Nxb6 axb6 10.Bb2 e4 11.Ng1 Re8 12.Ne2 Bf5 13.f4 Qd7 14.Ng3 Bg6 15.Be2 h5
16.f5 h4 17.fxg6 hxg3 18.gxf7+ Qxf7 19.O-O-O Ne5 20.hxg3 Qg6 21.Rh3 Nfg4
22.Rdh1 Rf8 23.Rh4 Nd3+ 24.Kb1 Ndf2 25.Rf1 c6 26.Qc1 Rf5 27.Ka2 Raf8 28.Qc2
Ne5 29.Rf4 Qxg3 30.R1xf2 Nf3 31.Rf1 Qxg2 32.Qxe4 Qxe2 33.Qe6+ Kh8 34.Qh6+ {#r}
1-0

[Event "ch-CZE 2017"]
[Site "Ostrava CZE"]
[Date "2017.05.03"]
[Round "5.20"]
[White "Havlikova,K"]
[Black "Macicek,Jak"]
[Result "1-0"]
[WhiteElo "2251"]
[BlackElo "2284"]

1.e4 e6 2.d4 d5 3.Nc3 Bb4 4.e5 c5 5.a3 Bxc3+ 6.bxc3 Qa5 7.Bd2 Qa4 8.Qg4 Kf8
9.Qd1 b6 10.dxc5 bxc5 11.Nf3 Ba6 12.Bxa6 Qxa6 13.Rb1 Ne7 14.Qe2 Qc6 15.c4 Nd7
16.cxd5 Nxd5 17.c4 Ne7 18.O-O h6 19.Rfd1 g6 20.Bxh6+ Rxh6 21.Qd2 Rh5 22.Qxd7
Qxd7 23.Rxd7 Nc6 24.Rbb7 Rf5 25.Rbc7 Rb8 26.h4 Ke8 27.Rd3 Rb6 28.g3 Ra6 29.Kg2
Nxe5 30.Nxe5 Rxe5 31.Rdd7 Rf5 32.Rxa7 Rxa3 33.Re7+ Kf8 34.Rxf7+ Rxf7 35.Rxa3
{#r} 1-0

[Event "ch-CZE 2017"]
[Site "Ostrava CZE"]
[Date "2017.05.03"]
[Round "5.25"]
[White "Psenicka,P"]
[Black "Freisler,P"]
[Result "0-1"]
[WhiteElo "2019"]
[BlackElo "2256"]

1.d4 Nf6 2.Nf3 e6 3.g3 b5 4.Bg2 Bb7 5.O-O c5 6.Nbd2 d5 7.c3 Nbd7 8.a4 b4
9.cxb4 cxb4 10.a5 Bd6 11.Nb3 Ba6 12.Bf4 Bxf4 13.gxf4 Nh5 14.Qd2 Qf6 15.Ne5
Nxf4 16.Bf3 Nxe5 17.dxe5 Qg5+ 18.Kh1 Bxe2 19.Qd1 Ba6 {#R} 0-1

[Event "ch-CZE 2017"]
[Site "Ostrava CZE"]
[Date "2017.05.03"]
[Round "5.27"]
[White "Sikorova,O"]
[Black "Malinovsky,P"]
[Result "1-0"]
[WhiteElo "2206"]
[BlackElo "2024"]

1.c4 e6 2.g3 d5 3.Bg2 c6 4.Nf3 dxc4 5.a4 Nf6 6.Qc2 Be7 7.Na3 O-O 8.O-O Na6
9.Nxc4 b6 10.Nfe5 Bb7 11.Qb3 Qc7 12.d3 Nc5 13.Qc2 b5 14.axb5 cxb5 15.Bxb7 Nxb7
16.Bf4 Rfc8 17.Nxf7 Qd7 18.Nfe5 Qe8 19.Be3 bxc4 20.Bxa7 cxd3 21.Qxd3 Bc5
22.Qb3 Nd6 23.Bxc5 Rxa1 24.Rxa1 Rxc5 25.Nd3 Rb5 26.Qa4 h6 27.Qa6 Qb8 28.Qc6
Rb6 29.Qc5 Nd5 30.Rc1 Nf5 31.e4 Rb3 32.exd5 Rxd3 33.dxe6 Nd6 34.Re1 Qe8 35.e7
Nf7 36.b4 Rd7 37.Qc6 Nd6 38.Qd5+ Kh8 39.Qe6 Kh7 40.h3 Kh8 41.b5 Kh7 42.b6 Qc8
43.e8=Q Nxe8 44.Qxe8 Rd8 45.Qe4+ {#r} 1-0

[Event "ch-CZE 2017"]
[Site "Ostrava CZE"]
[Date "2017.05.03"]
[Round "5.28"]
[White "Bartos,J"]
[Black "Solc,Filip"]
[Result "1-0"]
[WhiteElo "2157"]
[BlackElo "2005"]

1.d4 Nf6 2.Bf4 g6 3.e3 Bg7 4.Be2 O-O 5.Nf3 d6 6.O-O Nbd7 7.h3 Qe8 8.Bh2 e5
9.dxe5 dxe5 10.Nbd2 Qe7 11.Nc4 e4 12.Nd4 Nb6 13.Nxb6 axb6 14.c3 Rd8 15.Qb3 Nd5
16.Bc4 Be5 17.Bxe5 Qxe5 18.Rfd1 Qg5 19.Kh1 c6 20.Ne2 Ra5 21.Nf4 Nxf4 22.exf4
Rxd1+ 23.Rxd1 Qxf4 24.Rd8+ Kg7 25.Rxc8 Qxf2 26.Qd1 Rc5 27.Qe2 Qf4 28.Rd8 b5
29.Bb3 Rf5 30.Rd1 e3 31.Re1 Rh5 32.Rf1 Qe4 33.Rxf7+ Kh6 34.Rf1 c5 35.Bc2 Qc6
36.Qf3 e2 37.Re1 Qe6 38.Bd3 Re5 39.Qf8+ Kg5 40.Qd8+ Kh6 41.Qf8+ Kg5 42.Qd8+
Kh6 43.Qh4+ {#r} 1-0

[Event "ch-CZE 2017"]
[Site "Ostrava CZE"]
[Date "2017.05.03"]
[Round "5.29"]
[White "Ockay,T"]
[Black "Kanakova,Natalie"]
[Result "0-1"]
[WhiteElo "2107"]
[BlackElo "2112"]

1.Nf3 c5 2.b3 d6 3.c4 e5 4.Nc3 Nc6 5.d3 g6 6.g3 Bg7 7.Bd2 Nge7 8.Bg2 O-O 9.O-O
h6 10.Rb1 f5 11.Ne1 Be6 12.Nc2 d5 13.cxd5 Nxd5 14.Nxd5 Bxd5 15.Bxd5+ Qxd5
16.Ne3 Qd7 17.b4 f4 18.Nc2 Qh3 19.Ne1 fxg3 20.hxg3 Rf5 21.Nf3 Nd4 22.Nh4 Rh5
23.f3 Qxg3+ 24.Ng2 Nf5 25.Qe1 Qh2+ 26.Kf2 Nh4 27.Rg1 e4 28.Bf4 Nxg2 29.Bxh2
Nxe1 30.Bd6 Nc2 31.Rxg6 Kh7 32.Re6 Bd4+ 33.Kg3 Rg8+ 34.Kf4 Rh4+ {#R} 0-1

[Event "Ostravsky Konik Open A"]
[Site "Ostrava CZE"]
[Date "2017.05.03"]
[Round "5.1"]
[White "Vesselovsky,S"]
[Black "Domanski,Lukasz"]
[Result "1-0"]
[WhiteElo "2344"]
[BlackElo "2091"]

1.c4 e5 2.Nf3 d6 3.Nc3 g6 4.g3 Bg7 5.Bg2 Nc6 6.O-O Nf6 7.d3 O-O 8.Rb1 a5 9.a3
Re8 10.Bg5 h6 11.Bxf6 Bxf6 12.b4 axb4 13.axb4 Bg7 14.b5 Ne7 15.Qc2 f5 16.Nd2
f4 17.Nd5 Nxd5 18.Bxd5+ Kh8 19.Bf7 Rf8 20.Bxg6 Bh3 21.Be4 Bxf1 22.Rxf1 fxg3
23.hxg3 Ra7 24.Bf3 Qd7 25.Ne4 Rfa8 26.Kg2 Ra1 27.Rxa1 Rxa1 28.Qb2 Ra8 29.Qb4
Rd8 30.Nc3 c6 31.bxc6 bxc6 32.Qa4 Rc8 33.c5 dxc5 34.Bg4 Qc7 35.Bxc8 Qxc8
36.Qc4 Bf8 37.Ne4 Qf5 38.Nxc5 Bxc5 39.Qxc5 Qe6 40.Qc4 Qd6 41.Qf7 c5 42.Kg1 Qd4
43.Qg6 {#r} 1-0

[Event "Ostravsky Konik Open A"]
[Site "Ostrava CZE"]
[Date "2017.05.03"]
[Round "5.3"]
[White "Zylka,Stanislaw"]
[Black "Lojek,Marek"]
[Result "1-0"]
[WhiteElo "2305"]
[BlackElo "2077"]

1.Nf3 Nf6 2.g3 d5 3.Bg2 c5 4.O-O Nc6 5.d4 e6 6.c4 a6 7.cxd5 exd5 8.Nc3 Be6
9.Bg5 cxd4 10.Nxd4 Be7 11.Rc1 Rc8 12.Nxe6 fxe6 13.Bh3 d4 14.Bxf6 Bxf6 15.Ne4
Qe7 16.Qb3 Kf7 17.Qxb7 Qxb7 18.Nd6+ Ke7 19.Nxb7 Nb4 20.a3 Nd5 21.Nc5 Rc6
22.Bg2 Rhc8 23.b4 Nc3 24.Bxc6 Nxe2+ 25.Kg2 Nxc1 26.Bb7 Rxc5 27.bxc5 Nd3 28.c6
Kd6 29.Bxa6 Nb2 30.Bb5 Kc7 31.Kf3 d3 32.Ke3 Be7 33.Bxd3 Nxd3 34.Kxd3 Bxa3
35.Re1 Kxc6 36.Rxe6+ Kd5 37.Ra6 Bb2 38.Ra5+ Ke6 39.Ke4 Bc3 40.Ra6+ Kf7 41.f4
g6 42.g4 Kg7 43.h4 Kf7 44.Ra7+ Kg8 45.h5 Bg7 {#r} 1-0

[Event "ch-CRO 2017"]
[Site "Valpovo CRO"]
[Date "2017.05.03"]
[Round "9.2"]
[White "Kozul,Z"]
[Black "Jovanovic,Zo CRO"]
[Result "1-0"]
[WhiteElo "2631"]
[BlackElo "2533"]

1.d4 Nf6 2.c4 e6 3.g3 Bb4+ 4.Bd2 Qe7 5.Bg2 Nc6 6.e3 e5 7.d5 Bxd2+ 8.Qxd2 Nb8
9.d6 Qxd6 10.Qxd6 cxd6 11.Nc3 Ke7 12.Nge2 d5 13.Nxd5+ Nxd5 14.Bxd5 d6 15.Nc3
Nd7 16.Ke2 Nf6 17.Rhd1 h5 18.h4 Bg4+ 19.f3 Be6 20.b3 Bxd5 21.Nxd5+ Nxd5
22.Rxd5 Rac8 23.Rad1 Rc6 24.f4 f6 25.fxe5 fxe5 26.c5 Rxc5 27.Rxd6 Rf8 28.Rd7+
Ke6 29.Rxg7 e4 30.Rxb7 Rf3 31.Rb4 Rxg3 32.Rxe4+ Kf5 33.Rf4+ Ke5 34.Rd7 Rg2+
35.Kf3 Rxa2 36.Rdf7 Rc3 37.R7f6 {#r} 1-0

[Event "ch-CRO 2017"]
[Site "Valpovo CRO"]
[Date "2017.05.03"]
[Round "9.3"]
[White "Stevic,H"]
[Black "Saric,Iv"]
[Result "1-0"]
[WhiteElo "2601"]
[BlackElo "2609"]

1.e4 c5 2.c3 Nf6 3.e5 Nd5 4.Nf3 e6 5.Bc4 d6 6.d4 cxd4 7.cxd4 Be7 8.O-O O-O
9.Re1 dxe5 10.Nxe5 Nc6 11.Nxc6 bxc6 12.Nc3 a5 13.Qd3 a4 14.a3 Nxc3 15.bxc3 c5
16.Rb1 cxd4 17.cxd4 Qd6 18.d5 Rd8 19.Qe2 Bf8 20.dxe6 Bxe6 21.Bxe6 Qxe6 22.Qxe6
fxe6 23.Kf1 Ra6 24.Rb7 Rc6 25.Ra7 Rc4 26.Be3 e5 27.Ke2 e4 28.Rc1 Rdc8 29.Rb1
h5 30.Rbb7 Kh7 31.g3 Rd8 32.Rb5 Kg8 33.Rxh5 Bxa3 34.Rha5 Rc2+ 35.Kf1 Rd1+
36.Kg2 Rd3 37.Kh3 Bc1 38.Bxc1 Rxc1 39.Rg5 Rc4 40.Rgxg7+ Kh8 41.Rge7 Rd8 42.Kg2
Kg8 43.h4 Kf8 44.h5 e3 45.h6 exf2 46.h7 f1=Q+ 47.Kxf1 Rc1+ 48.Re1 {#r} 1-0

[Event "ch-CRO 2017"]
[Site "Valpovo CRO"]
[Date "2017.05.03"]
[Round "9.5"]
[White "Brkic,A"]
[Black "Jovanic,O"]
[Result "1-0"]
[WhiteElo "2552"]
[BlackElo "2492"]

1.e4 e5 2.Nf3 Nf6 3.Nxe5 d6 4.Nf3 Nxe4 5.d4 d5 6.Bd3 Nc6 7.O-O Be7 8.Nc3 Nxc3
9.bxc3 Bg4 10.Rb1 Rb8 11.Re1 O-O 12.h3 Bh5 13.Bf5 Bg6 14.Bxg6 hxg6 15.Bf4 Bd6
16.Bxd6 Qxd6 17.Qe2 Qd7 18.Qd3 b6 19.c4 Rfe8 20.cxd5 Qxd5 21.c4 Qd6 22.Re4
Rbd8 23.Rd1 Re7 24.Rxe7 Nxe7 25.Qe4 Nf5 26.g4 Qe7 27.Qc6 Qd6 28.Qe4 Qe7 29.Qc6
Qd6 30.Qb7 Ne7 31.Qxa7 Nc6 32.Qa4 Qf6 33.Kg2 Nxd4 34.Rxd4 Rxd4 35.Qe8+ Kh7
36.Nxd4 Qxd4 37.Qxf7 c5 38.Qe6 Qb2 39.h4 Qxa2 40.h5 gxh5 41.Qe4+ Kh8 42.g5 Qd2
43.Qe8+ Kh7 44.Qxh5+ Kg8 45.g6 Qd4 46.Qf5 Qd8 47.Qe6+ {#r} 1-0

[Event "ch-LAT 2017"]
[Site "Riga LAT"]
[Date "2017.05.03"]
[Round "5.1"]
[White "Tokranovs,Dmitrijs"]
[Black "Stepins,E"]
[Result "1-0"]
[WhiteElo "2227"]
[BlackElo "2248"]

1.e4 e5 2.Nf3 Nc6 3.Bc4 Nf6 4.Ng5 d5 5.exd5 Na5 6.Bb5+ Bd7 7.Qe2 Be7 8.Nf3 e4
9.Ne5 c6 10.dxc6 bxc6 11.Nxd7 Qxd7 12.Ba6 O-O 13.O-O Rfe8 14.d3 Bd6 15.Nc3
exd3 16.Qxd3 Rad8 17.h3 Nb7 18.Qf3 Be5 19.Be3 Nd6 20.Rfd1 Qc7 21.Bf1 Bxc3
22.bxc3 Nde4 23.Rxd8 Rxd8 24.c4 c5 25.Bd3 Re8 26.Rb1 h6 27.Qf5 Nc3 28.Rb3 Nce4
29.f3 Ng5 30.Bxg5 hxg5 31.Qxg5 Re1+ 32.Kf2 Re8 33.Rb5 Re5 34.Rb7 Qd6 35.Qd2
Re8 36.Bh7+ {#r} 1-0

[Event "ch-LAT 2017"]
[Site "Riga LAT"]
[Date "2017.05.03"]
[Round "5.9"]
[White "Krustkalns,K"]
[Black "Starostits,I"]
[Result "1-0"]
[WhiteElo "2201"]
[BlackElo "2409"]

1.e4 c5 2.Nf3 d6 3.d4 cxd4 4.Nxd4 Nf6 5.Nc3 g6 6.Be3 Bg7 7.f3 Nc6 8.Qd2 h5
9.O-O-O Bd7 10.Bc4 Na5 11.Be2 Rc8 12.Kb1 Nc4 13.Bxc4 Rxc4 14.h3 h4 15.Qd3 Qc8
16.f4 Nh5 17.Nce2 f5 18.exf5 gxf5 19.Rhg1 Ng3 20.Nxg3 hxg3 21.Rge1 b5 22.Bg1
Bf6 23.Qxg3 Kf7 24.Qd3 a5 25.Nf3 Rxf4 26.Bd4 Bxd4 27.Nxd4 Qc5 28.Nb3 Qc4
29.Rxe7+ Kxe7 30.Qxd6+ Kf7 31.Qxd7+ Kg6 32.Qd6+ Kh5 33.g4+ fxg4 34.Qe5+ Kg6
35.Rd6+ Kh7 36.Qh5+ Kg7 37.Qg6+ Kf8 38.Rd8+ Ke7 39.Qd6+ {#r} 1-0

[Event "ch-LAT 2017"]
[Site "Riga LAT"]
[Date "2017.05.03"]
[Round "5.11"]
[White "Smilga,K"]
[Black "Kretainis,K"]
[Result "0-1"]
[WhiteElo "2131"]
[BlackElo "2246"]

1.e4 d6 2.d4 Nf6 3.Nc3 e5 4.Nf3 Nbd7 5.Bc4 Be7 6.O-O O-O 7.a4 c6 8.Ba2 a5
9.Re1 h6 10.h3 Re8 11.dxe5 dxe5 12.Be3 Qc7 13.Nh4 Bc5 14.Nf5 Bxe3 15.Rxe3 Nc5
16.Qe2 Be6 17.Rg3 Bxf5 18.exf5 e4 19.Qe3 b6 20.Re1 Qe5 21.Bc4 Kf8 22.b3 Qxf5
23.Ne2 Rad8 24.Nd4 Qd7 25.c3 Nd5 26.Bxd5 Qxd5 27.Rb1 Nd3 28.Rg4 c5 29.Ne2 g5
30.c4 Qe5 31.f4 exf3 32.Qxf3 Qxe2 33.Qf6 Qe3+ 34.Kh2 Qe5+ {#R} 0-1

[Event "ch-LAT 2017"]
[Site "Riga LAT"]
[Date "2017.05.03"]
[Round "5.12"]
[White "Jazdanovs,Aleksandrs"]
[Black "Mierins,Eriks"]
[Result "0-1"]
[WhiteElo "2010"]
[BlackElo "2150"]

1.e4 e5 2.Nf3 Nc6 3.Bb5 a6 4.Ba4 Nf6 5.O-O Be7 6.Re1 b5 7.Bb3 O-O 8.a4 b4 9.d3
d6 10.Nbd2 Na5 11.Ba2 Be6 12.c3 Rb8 13.Nf1 bxc3 14.bxc3 Nb3 15.Rb1 Nxc1
16.Rxb8 Qxb8 17.Bxe6 fxe6 18.Qxc1 Qb3 19.Qb1 Rb8 20.N1d2 Qxb1 21.Rxb1 Rxb1+
22.Nxb1 Nd7 23.d4 exd4 24.cxd4 c5 25.Kf1 Bf6 26.Nbd2 cxd4 27.Ke2 Nc5 28.a5 e5
29.Ne1 Bd8 30.Nc4 Nxe4 31.f3 Nc5 32.Nd3 Nb7 33.Nb4 Kf7 34.Nxa6 Bxa5 35.Nxa5
Nxa5 36.Kd3 Nb7 37.Nb4 Ke6 38.Kc4 g5 {#R} 0-1

[Event "ch-LAT 2017"]
[Site "Riga LAT"]
[Date "2017.05.03"]
[Round "5.13"]
[White "Daudzvardis,J"]
[Black "Skuja,A"]
[Result "0-1"]
[WhiteElo "2114"]
[BlackElo "2099"]

1.f4 d5 2.Nf3 g6 3.g3 Bg7 4.Bg2 Nc6 5.O-O Nf6 6.d3 O-O 7.Na3 Bg4 8.c4 Bxf3
9.Bxf3 Nd4 10.Bg2 c6 11.e3 Ne6 12.Qe2 Qd6 13.Nc2 Rfd8 14.cxd5 cxd5 15.Bd2 Qb6
16.Bc3 Ne8 17.d4 Nf6 18.Ne1 Nc7 19.a4 e6 20.g4 Ne4 21.Nd3 Ne8 22.Bxe4 dxe4
23.Nc5 Qc6 24.Qc2 Nd6 25.b4 b6 26.b5 Qd5 27.Na6 Rdc8 28.Rfc1 Rc4 29.Nb4 Qb7
30.Nc6 a6 31.Qb3 Bf8 32.Ne5 Rc7 33.Nc6 axb5 34.axb5 Nxb5 35.Qxb5 Rxc6 36.Rab1
Rac8 37.Bd2 Rxc1+ 38.Rxc1 Rxc1+ 39.Bxc1 Qc7 40.Qb1 b5 41.Bd2 Qc6 42.Kf2 b4
43.g5 Qd5 44.Ke1 b3 45.Qc1 Qb5 46.Bc3 Bb4 47.Kf2 Qc4 48.Qa1 Qxc3 49.Qa8+ {#R}
0-1